| 000 | 00738nam a22001937a 4500 | ||
|---|---|---|---|
| 999 |
_c19367 _d19367 |
||
| 003 | AR-CdUCM | ||
| 008 | 190517b ||||| |||| 00| 0 spa d | ||
| 040 |
_aMUNICIPALIDAD PROVINCIAL DEL CUSCO _cBIBLIOTECA MUNICIPAL DEL CUSCO |
||
| 082 |
_a658.01 / _bW71 |
||
| 100 |
_aWinslow Taylor, Frederick _940667 |
||
| 245 | _aPrincipios de la administración científica / | ||
| 260 |
_bHerrero hermanos, _aMéxico : _c1974. |
||
| 300 |
_a278 páginas ; _c21 cm. |
||
| 505 | _aContenido : Necesidad y posibilidad de una enseñanza de la administración -- Principios y elementos de la administración ... | ||
| 650 |
_aAdministración. _94472 |
||
| 650 |
_aNecesidades prioritarias. _940668 |
||
| 942 |
_2ddc _cLIBROS |
||
| 945 |
_arum _d2019-05-17 |
||